[Event "XLIV Memoriał Szachowy Ludwika Zamenhofa 2025, Grupa A"]
[Site "Białystok, Poland"]
[Date "2025.12.28"]
[Round "4.19"]
[White "Kaczmarek, Arkadiusz"]
[Black "Praczukowski, Stanislaw"]
[Result "1/2-1/2"]
[TimeControl "90'+30\""]
[WhiteElo "2062"]
[BlackElo "2155"]

1. d4 {[%clk 01:30:51]} {[%emt 00:00:08]} Nf6 {[%emt 00:00:12]} 2. c4 {[%clk
01:31:02]} {[%emt 00:00:16]} e6 {[%clk 01:31:12]} {[%emt 00:00:10]} 3. Nf3
{[%clk 01:31:17]} {[%emt 00:00:15]} b6 {[%clk 01:31:01]} {[%emt 00:00:41]} 4.
g3 {[%clk 01:31:29]} {[%emt 00:00:18]} Bb7 {[%clk 01:29:42]} {[%emt 00:01:50]}
5. Bg2 {[%clk 01:31:42]} {[%emt 00:00:16]} Be7 {[%clk 01:29:41]} {[%emt
00:00:32]} 6. O-O {[%clk 01:31:56]} {[%emt 00:00:15]} O-O {[%clk 01:29:42]}
{[%emt 00:00:29]} 7. Re1 {[%clk 01:32:12]} {[%emt 00:00:14]} d5 {[%clk
01:26:47]} {[%emt 00:03:25]} 8. cxd5 {[%clk 01:32:20]} {[%emt 00:00:21]} exd5
{[%clk 01:27:04]} {[%emt 00:00:14]} 9. Nc3 {[%clk 01:32:20]} {[%emt 00:00:30]}
Na6 {[%clk 01:26:23]} {[%emt 00:01:12]} 10. Bf4 {[%clk 01:28:13]} {[%emt
00:04:36]} c5 {[%clk 01:22:52]} {[%emt 00:04:01]} 11. Rc1 {[%clk 01:23:39]}
{[%emt 00:05:04]} Ne4 {[%clk 01:16:33]} {[%emt 00:06:49]} 12. h4 {[%clk
01:15:12]} {[%emt 00:08:56]} cxd4 {[%clk 01:02:20]} {[%emt 00:14:44]} 13. Nb5
{[%clk 01:12:39]} {[%emt 00:03:02]} Nac5 {[%clk 00:59:06]} {[%emt 00:03:45]} 14.
Nbxd4 {[%clk 01:10:40]} {[%emt 00:02:29]} Bf6 {[%clk 00:54:15]} {[%emt
00:05:22]} 15. b4 {[%clk 00:48:15]} {[%emt 00:22:55]} Ne6 {[%clk 00:52:38]}
{[%emt 00:02:08]} 16. Be3 {[%clk 00:47:51]} {[%emt 00:00:53]} Qe7 {[%clk
00:50:11]} {[%emt 00:02:58]} 17. Qb3 {[%clk 00:44:02]} {[%emt 00:04:19]} Nd6
{[%clk 00:39:33]} {[%emt 00:11:07]} 18. Bh3 {[%clk 00:35:15]} {[%emt 00:09:16]}
Nc4 {[%emt 00:03:14]} 19. Nf5 {[%clk 00:35:05]} {[%emt 00:00:37]} Qd8 {[%clk
00:36:17]} {[%emt 00:01:07]} 20. Red1 {[%clk 00:34:20]} {[%emt 00:01:15]} g6
{[%clk 00:29:43]} {[%emt 00:07:04]} 21. Nh6+ {[%clk 00:24:47]} {[%emt
00:10:03]} Kg7 {[%clk 00:30:01]} {[%emt 00:00:12]} 22. Ng4 {[%clk 00:24:48]}
{[%emt 00:00:28]} Nxe3 {[%emt 00:00:30]} 23. Nxe3 {[%clk 00:24:45]} {[%emt
00:00:31]} d4 {[%clk 00:28:12]} {[%emt 00:02:22]} 24. Nc4 {[%clk 00:20:46]}
{[%emt 00:04:28]} Bd5 {[%clk 00:26:22]} {[%emt 00:02:21]} 25. Qd3 {[%clk
00:20:09]} {[%emt 00:01:06]} Rc8 {[%clk 00:24:22]} {[%emt 00:02:30]} 26. Nfd2
{[%clk 00:17:27]} {[%emt 00:03:12]} Re8 {[%clk 00:22:27]} {[%emt 00:02:26]} 27.
Bg2 {[%clk 00:16:19]} {[%emt 00:01:37]} Bxg2 {[%clk 00:21:23]} {[%emt
00:01:35]} 28. Kxg2 {[%clk 00:16:46]} {[%emt 00:00:02]} Bxh4 {[%clk 00:18:35]}
{[%emt 00:03:19]} 29. Qf3 {[%clk 00:15:55]} {[%emt 00:01:20]} Bg5 {[%clk
00:14:29]} {[%emt 00:04:37]} 30. Rb1 {[%clk 00:13:10]} {[%emt 00:03:15]} Bxd2
{[%clk 00:13:58]} {[%emt 00:01:01]} 31. Nxd2 {[%clk 00:13:37]} {[%emt
00:00:02]} Ng5 {[%clk 00:12:52]} {[%emt 00:01:36]} 32. Qd3 {[%clk 00:13:26]}
{[%emt 00:00:41]} Qd5+ {[%clk 00:07:22]} {[%emt 00:06:01]} 33. Nf3 {[%clk
00:13:14]} {[%emt 00:00:41]} Nxf3 {[%clk 00:07:32]} {[%emt 00:00:21]} 34. exf3
{[%clk 00:13:20]} {[%emt 00:00:22]} Red8 {[%clk 00:06:50]} {[%emt 00:01:13]} 35.
Rb3 {[%clk 00:13:11]} {[%emt 00:00:40]} b5 {[%clk 00:05:59]} {[%emt 00:01:21]}
36. Qd2 {[%clk 00:13:05]} {[%emt 00:00:36]} Qe5 {[%clk 00:05:12]} {[%emt
00:01:16]} 37. Rd3 {[%clk 00:13:06]} {[%emt 00:00:30]} Rc4 {[%clk 00:05:28]}
{[%emt 00:00:14]} 38. a3 {[%clk 00:13:18]} {[%emt 00:00:18]} Qf6 {[%clk
00:05:31]} {[%emt 00:00:27]} 39. Rh1 {[%clk 00:07:48]} {[%emt 00:06:00]} Kg8
{[%clk 00:05:18]} {[%emt 00:00:42]} 40. Qh6 {[%clk 00:07:20]} {[%emt 00:00:58]}
Qg7 {[%clk 00:05:23]} {[%emt 00:00:25]} 41. Qg5 {[%clk 00:07:39]} {[%emt
00:00:10]} Rb8 {[%clk 00:03:54]} {[%emt 00:02:00]} 42. Qd5 {[%clk 00:07:27]}
{[%emt 00:00:41]} Qf6 {[%clk 00:03:18]} {[%emt 00:01:07]} 43. Rh4 {[%clk
00:07:26]} {[%emt 00:00:32]} Rc3 {[%clk 00:01:42]} {[%emt 00:02:07]} 44. Rhxd4
{[%clk 00:01:41]} {[%emt 00:06:14]} Rxd3 {[%clk 00:02:04]} {[%emt 00:00:07]} 45.
Rxd3 {[%clk 00:02:03]} {[%emt 00:00:08]} a6 {[%clk 00:01:33]} {[%emt 00:01:01]}
46. Qd6 {[%clk 00:02:07]} {[%emt 00:00:25]} Rb6 {[%clk 00:01:29]} {[%emt
00:00:35]} 47. Qc7 {[%clk 00:01:24]} {[%emt 00:01:12]} h5 {[%clk 00:00:52]}
{[%emt 00:01:09]} 48. Rd8+ {[%clk 00:01:06]} {[%emt 00:00:47]} Kg7 {[%clk
00:01:01]} {[%emt 00:00:22]} 49. Ra8 {[%clk 00:01:03]} {[%emt 00:00:32]} Re6
{[%clk 00:00:48]} {[%emt 00:00:43]} 50. Qc8 {[%clk 00:01:18]} {[%emt 00:00:15]}
Kh7 {[%clk 00:00:51]} {[%emt 00:00:28]} 51. Qg8+ {[%clk 00:01:16]} {[%emt
00:00:31]} Kh6 {[%clk 00:01:16]} {[%emt 00:00:06]} 52. Ra7 {[%clk 00:01:23]}
{[%emt 00:00:22]} Qg7 {[%clk 00:01:08]} {[%emt 00:00:38]} 53. Qxf7 {[%clk
00:01:00]} {[%emt 00:00:53]} Qxf7 {[%clk 00:01:31]} {[%emt 00:00:08]} 54. Rxf7
{[%clk 00:01:24]} {[%emt 00:00:05]} Rc6 {[%clk 00:01:09]} {[%emt 00:00:53]} 55.
Re7 {[%clk 00:00:47]} {[%emt 00:01:06]} Kg5 {[%clk 00:01:23]} {[%emt 00:00:17]}
56. f4+ {[%clk 00:01:02]} {[%emt 00:00:14]} Kf6 {[%clk 00:01:41]} {[%emt
00:00:13]} 57. Re3 {[%clk 00:01:20]} {[%emt 00:00:11]} Rc2 {[%clk 00:01:26]}
{[%emt 00:00:45]} 58. Rd3 {[%clk 00:01:35]} {[%emt 00:00:16]} Ke6 {[%clk
00:01:41]} {[%emt 00:00:15]} 59. Kf3 {[%clk 00:01:49]} {[%emt 00:00:15]} Ra2
{[%clk 00:01:54]} {[%emt 00:00:17]} 60. Ke3 {[%clk 00:01:02]} {[%emt 00:01:17]}
Ke5 {[%emt 00:00:22]} 1/2-1/2

[Event "XLIV Memoriał Szachowy Ludwika Zamenhofa 2025, Grupa A"]
[Site "Białystok, Poland"]
[Date "2025.12.28"]
[Round "4.20"]
[White "Przybylski, Jan"]
[Black "Serafin, Franciszek"]
[Result "1/2-1/2"]
[TimeControl "90'+30\""]
[WhiteElo "2152"]
[BlackElo "2033"]

1. e4 {[%clk 01:30:57]} {[%emt 00:00:02]} c5 {[%clk 01:30:14]} {[%emt
00:00:47]} 2. Nf3 {[%clk 01:31:20]} {[%emt 00:00:06]} Nc6 {[%clk 01:30:40]}
{[%emt 00:00:05]} 3. d4 {[%clk 01:31:44]} {[%emt 00:00:06]} cxd4 {[%clk
01:31:07]} {[%emt 00:00:03]} 4. Nxd4 {[%clk 01:32:08]} {[%emt 00:00:05]} e5
{[%clk 01:31:33]} {[%emt 00:00:04]} 5. Nb5 {[%clk 01:32:02]} {[%emt 00:00:36]}
d6 {[%clk 01:30:18]} {[%emt 00:01:46]} 6. N1c3 {[%clk 01:31:40]} {[%emt
00:00:51]} a6 {[%clk 01:30:09]} {[%emt 00:00:40]} 7. Na3 {[%clk 01:32:05]}
{[%emt 00:00:05]} Be6 {[%clk 01:30:33]} {[%emt 00:00:06]} 8. Nc4 {[%clk
01:31:09]} {[%emt 00:01:25]} b5 {[%clk 01:30:28]} {[%emt 00:00:35]} 9. Ne3
{[%clk 01:31:02]} {[%emt 00:00:37]} Nf6 {[%clk 01:30:53]} {[%emt 00:00:05]} 10.
g3 {[%clk 01:22:32]} {[%emt 00:09:00]} g6 {[%clk 01:29:44]} {[%emt 00:01:40]}
11. Bg2 {[%clk 01:19:12]} {[%emt 00:03:50]} Bg7 {[%clk 01:29:29]} {[%emt
00:00:44]} 12. O-O {[%clk 01:18:54]} {[%emt 00:00:48]} O-O {[%clk 01:29:09]}
{[%emt 00:00:50]} 13. Ncd5 {[%clk 01:11:03]} {[%emt 00:08:21]} Ne7 {[%clk
01:25:22]} {[%emt 00:04:17]} 14. a4 {[%clk 01:05:39]} {[%emt 00:05:55]} Nfxd5
{[%clk 01:25:02]} {[%emt 00:00:50]} 15. exd5 {[%clk 01:02:27]} {[%emt
00:03:42]} Bd7 {[%clk 01:24:49]} {[%emt 00:00:42]} 16. axb5 {[%clk 00:52:12]}
{[%emt 00:10:45]} axb5 {[%clk 01:25:00]} {[%emt 00:00:19]} 17. Rxa8 {[%clk
00:49:14]} {[%emt 00:03:29]} Qxa8 {[%clk 01:25:27]} {[%emt 00:00:02]} 18. Bd2
{[%clk 00:43:17]} {[%emt 00:06:27]} f5 {[%clk 01:24:13]} {[%emt 00:01:44]} 19.
f4 {[%clk 00:38:05]} {[%emt 00:05:43]} e4 {[%clk 01:21:50]} {[%emt 00:02:53]}
20. Bc3 {[%clk 00:33:18]} {[%emt 00:05:17]} Qa7 {[%clk 01:19:53]} {[%emt
00:02:28]} 1/2-1/2

[Event "XLIV Memoriał Szachowy Ludwika Zamenhofa 2025, Grupa A"]
[Site "Białystok, Poland"]
[Date "2025.12.28"]
[Round "4.21"]
[White "Karut, Kacper"]
[Black "Ejsymont, Eryk"]
[Result "1/2-1/2"]
[TimeControl "90'+30\""]
[WhiteElo "2148"]
[BlackElo "2022"]

1. e4 {[%clk 01:30:58]} {[%emt 00:00:02]} e6 {[%clk 01:30:53]} {[%emt
00:00:08]} 2. d4 {[%clk 01:31:23]} {[%emt 00:00:04]} d5 {[%clk 01:31:19]}
{[%emt 00:00:05]} 3. Nc3 {[%clk 01:31:50]} {[%emt 00:00:03]} dxe4 {[%clk
01:31:45]} {[%emt 00:00:04]} 4. Nxe4 {[%clk 01:32:14]} {[%emt 00:00:06]} Nd7
{[%clk 01:32:13]} {[%emt 00:00:01]} 5. Be3 {[%clk 01:32:27]} {[%emt 00:00:17]}
Ngf6 {[%clk 01:32:27]} {[%emt 00:00:17]} 6. Bd3 {[%clk 01:29:25]} {[%emt
00:03:32]} Nxe4 {[%clk 01:24:33]} {[%emt 00:08:23]} 7. Bxe4 {[%clk 01:29:51]}
{[%emt 00:00:04]} c5 {[%clk 01:23:23]} {[%emt 00:01:41]} 8. dxc5 {[%clk
01:18:03]} {[%emt 00:12:18]} Bxc5 {[%clk 01:21:06]} {[%emt 00:02:47]} 9. Bxc5
{[%clk 01:18:17]} {[%emt 00:00:16]} Nxc5 {[%clk 01:21:28]} {[%emt 00:00:07]} 10.
Qxd8+ {[%clk 01:18:24]} {[%emt 00:00:22]} Kxd8 {[%clk 01:21:57]} {[%emt
00:00:03]} 11. Bf3 {[%clk 01:18:20]} {[%emt 00:00:33]} Ke7 {[%clk 01:22:05]}
{[%emt 00:00:22]} 12. O-O-O {[%clk 01:17:25]} {[%emt 00:01:24]} Bd7 {[%clk
01:18:03]} {[%emt 00:04:33]} 13. Ne2 {[%clk 01:17:19]} {[%emt 00:00:36]} Rac8
{[%clk 01:14:52]} {[%emt 00:03:42]} 14. Nc3 {[%clk 01:13:27]} {[%emt 00:04:21]}
Bc6 {[%clk 01:11:05]} {[%emt 00:04:17]} 15. Bxc6 {[%clk 01:13:29]} {[%emt
00:00:29]} Rxc6 {[%clk 01:08:56]} {[%emt 00:02:38]} 16. Rhe1 {[%clk 01:12:54]}
{[%emt 00:01:05]} Rd6 {[%clk 01:03:24]} {[%emt 00:06:03]} 17. Rxd6 {[%clk
01:08:49]} {[%emt 00:04:35]} Kxd6 {[%clk 01:03:52]} {[%emt 00:00:02]} 18. b4
{[%clk 01:08:20]} {[%emt 00:00:58]} Nd7 {[%clk 00:59:09]} {[%emt 00:05:14]} 19.
Kb2 {[%clk 01:08:07]} {[%emt 00:00:43]} a6 {[%clk 00:57:14]} {[%emt 00:02:25]}
20. Kb3 {[%clk 01:06:32]} {[%emt 00:02:04]} Kc7 {[%clk 00:53:05]} {[%emt
00:04:38]} 21. Ne4 {[%clk 01:03:25]} {[%emt 00:03:37]} Rd8 {[%clk 00:51:32]}
{[%emt 00:02:04]} 22. Re2 {[%clk 00:54:40]} {[%emt 00:09:17]} h6 {[%clk
00:50:20]} {[%emt 00:01:42]} 23. c4 {[%clk 00:51:30]} {[%emt 00:03:39]} Ne5
{[%clk 00:47:16]} {[%emt 00:03:32]} 24. Nc5 {[%clk 00:42:51]} {[%emt 00:09:11]}
1/2-1/2

[Event "XLIV Memoriał Szachowy Ludwika Zamenhofa 2025, Grupa A"]
[Site "Białystok, Poland"]
[Date "2025.12.28"]
[Round "4.22"]
[White "Paprocki, Jaroslaw"]
[Black "Obukhava, Anastasiya"]
[Result "1-0"]
[TimeControl "90'+30\""]
[WhiteElo "2096"]
[BlackElo "2146"]

1. d4 {[%clk 01:30:59]} {[%emt 00:00:01]} Nf6 {[%clk 01:30:04]} {[%emt
00:00:56]} 2. c4 {[%clk 01:31:15]} {[%emt 00:00:14]} e6 {[%clk 01:30:06]}
{[%emt 00:00:27]} 3. Nf3 {[%clk 01:31:09]} {[%emt 00:00:36]} b6 {[%clk
01:30:06]} {[%emt 00:00:31]} 4. a3 {[%clk 01:31:38]} {[%emt 00:00:01]} Bb7
{[%clk 01:29:57]} {[%emt 00:00:39]} 5. Nc3 {[%clk 01:32:07]} {[%emt 00:00:02]}
d5 {[%clk 01:29:46]} {[%emt 00:00:39]} 6. cxd5 {[%clk 01:32:36]} {[%emt
00:00:02]} Nxd5 {[%clk 01:29:53]} {[%emt 00:00:24]} 7. e3 {[%clk 01:33:05]}
Nxc3 {[%clk 01:29:10]} {[%emt 00:01:12]} 8. bxc3 {[%clk 01:33:33]} {[%emt
00:00:02]} Be7 {[%clk 01:29:18]} {[%emt 00:00:22]} 9. Bb5+ {[%clk 01:34:02]}
{[%emt 00:00:01]} c6 {[%clk 01:29:31]} {[%emt 00:00:17]} 10. Bd3 {[%clk
01:34:31]} {[%emt 00:00:01]} Nd7 {[%clk 01:28:58]} {[%emt 00:01:03]} 11. e4
{[%clk 01:34:58]} {[%emt 00:00:04]} Qc7 {[%clk 01:27:12]} {[%emt 00:02:15]} 12.
e5 {[%clk 01:34:14]} {[%emt 00:01:14]} c5 {[%clk 01:24:55]} {[%emt 00:02:46]}
13. O-O {[%clk 01:33:39]} {[%emt 00:01:06]} O-O {[%clk 01:24:18]} {[%emt
00:01:06]} 14. Bf4 {[%clk 01:25:25]} {[%emt 00:08:44]} Rfd8 {[%clk 01:15:44]}
{[%emt 00:09:04]} 15. Ng5 {[%clk 01:23:27]} {[%emt 00:02:28]} Nf8 {[%clk
01:15:28]} {[%emt 00:00:45]} 16. Qb1 {[%clk 01:00:55]} {[%emt 00:23:02]} g6
{[%clk 01:14:08]} {[%emt 00:01:51]} 17. Rc1 {[%clk 01:00:10]} {[%emt 00:01:15]}
Qd7 {[%clk 01:10:28]} {[%emt 00:04:10]} 18. Be3 {[%clk 00:56:35]} {[%emt
00:04:05]} Rac8 {[%clk 01:06:49]} {[%emt 00:04:10]} 19. Ne4 {[%clk 00:55:22]}
{[%emt 00:01:43]} Qc6 {[%clk 01:01:18]} {[%emt 00:05:59]} 20. f3 {[%clk
00:54:46]} {[%emt 00:01:06]} Nd7 {[%clk 00:58:49]} {[%emt 00:03:00]} 21. Bb5
{[%clk 00:47:35]} {[%emt 00:07:42]} Qc7 {[%clk 00:59:13]} {[%emt 00:00:06]} 22.
Qa2 {[%clk 00:44:06]} {[%emt 00:03:58]} Bd5 {[%clk 00:54:07]} {[%emt 00:05:36]}
23. Qf2 {[%clk 00:43:15]} {[%emt 00:01:22]} Qb7 {[%clk 00:52:32]} {[%emt
00:02:05]} 24. Bxd7 {[%clk 00:37:55]} {[%emt 00:05:49]} Qxd7 {[%clk 00:52:18]}
{[%emt 00:00:45]} 25. Nf6+ {[%clk 00:37:57]} {[%emt 00:00:28]} Bxf6 {[%clk
00:52:46]} {[%emt 00:00:02]} 26. exf6 {[%clk 00:38:21]} {[%emt 00:00:05]} cxd4
{[%clk 00:50:57]} {[%emt 00:02:18]} 27. Bxd4 {[%clk 00:36:24]} {[%emt
00:02:28]} Qd6 {[%clk 00:49:52]} {[%emt 00:01:36]} 28. Re1 {[%clk 00:36:41]}
{[%emt 00:00:13]} Re8 {[%clk 00:49:20]} {[%emt 00:01:01]} 29. f4 {[%clk
00:34:58]} {[%emt 00:02:12]} Bb7 {[%clk 00:37:07]} {[%emt 00:12:44]} 30. Re3
{[%clk 00:34:07]} {[%emt 00:01:21]} Qd5 {[%clk 00:35:52]} {[%emt 00:01:47]} 31.
Re5 {[%clk 00:32:12]} {[%emt 00:02:23]} Qd6 {[%clk 00:33:13]} {[%emt 00:03:09]}
32. a4 {[%clk 00:30:59]} {[%emt 00:01:43]} Red8 {[%clk 00:30:41]} {[%emt
00:03:02]} 33. a5 {[%clk 00:28:31]} {[%emt 00:02:59]} bxa5 {[%clk 00:29:27]}
{[%emt 00:01:43]} 34. Ra3 {[%emt 00:00:31]} a6 {[%clk 00:29:27]} 35. Raxa5
{[%clk 00:28:45]} Rd7 {[%clk 00:24:58]} {[%emt 00:05:13]} 36. h3 {[%clk
00:28:38]} Kh8 {[%clk 00:19:21]} {[%emt 00:06:45]} 37. Kh2 {[%clk 00:25:03]}
Qc6 {[%clk 00:18:13]} {[%emt 00:05:43]} 38. Qh4 {[%clk 00:25:00]} Rf8 {[%emt
00:04:20]} 39. Rg5 Rg8 {[%clk 00:14:55]} 40. Rg3 {[%clk 00:24:53]} {[%emt
00:00:36]} Rd5 {[%clk 00:15:00]} {[%emt 00:00:26]} 41. Rxd5 {[%clk 00:22:32]}
{[%emt 00:02:51]} Qxd5 {[%clk 00:15:22]} {[%emt 00:00:08]} 42. Rg5 {[%clk
00:22:30]} {[%emt 00:00:31]} Qc6 {[%clk 00:15:01]} {[%emt 00:00:53]} 43. Rg4
{[%clk 00:19:43]} {[%emt 00:03:16]} Qd5 {[%clk 00:13:11]} {[%emt 00:02:22]} 44.
Be5 {[%clk 00:19:42]} {[%emt 00:00:30]} Qd1 {[%clk 00:13:32]} {[%emt 00:00:09]}
45. Qh6 {[%clk 00:15:56]} {[%emt 00:04:17]} Qe2 {[%clk 00:11:17]} {[%emt
00:02:45]} 46. Bd6 {[%clk 00:15:55]} {[%emt 00:00:30]} g5 {[%clk 00:09:48]}
{[%emt 00:02:00]} 47. fxg5 {[%clk 00:13:57]} {[%emt 00:02:27]} Qd2 {[%clk
00:07:56]} {[%emt 00:02:22]} 48. Bf8 {[%clk 00:12:51]} {[%emt 00:01:36]} Rg6
{[%clk 00:07:56]} {[%emt 00:00:30]} 49. Bg7+ {[%clk 00:13:10]} {[%emt
00:00:10]} Kg8 {[%clk 00:07:59]} {[%emt 00:00:28]} 50. Qxh7+ {[%clk 00:13:30]}
{[%emt 00:00:10]} 1-0

[Event "XLIV Memoriał Szachowy Ludwika Zamenhofa 2025, Grupa A"]
[Site "Białystok, Poland"]
[Date "2025.12.28"]
[Round "4.23"]
[White "Ejsymont, Blanka"]
[Black "Kondys, Piotr"]
[Result "1/2-1/2"]
[TimeControl "90'+30\""]
[WhiteElo "2049"]
[BlackElo "2136"]

1. e4 {[%clk 01:30:58]} {[%emt 00:00:01]} e6 {[%clk 01:30:46]} {[%emt
00:00:13]} 2. d4 {[%clk 01:31:21]} {[%emt 00:00:09]} d5 {[%clk 01:31:09]}
{[%emt 00:00:04]} 3. e5 {[%clk 01:31:48]} {[%emt 00:00:05]} c5 {[%clk
01:31:29]} {[%emt 00:00:09]} 4. c3 {[%clk 01:32:17]} {[%emt 00:00:03]} Bd7
{[%clk 01:31:50]} {[%emt 00:00:08]} 5. Nf3 {[%clk 01:32:39]} {[%emt 00:00:08]}
Nc6 {[%clk 01:32:16]} {[%emt 00:00:04]} 6. Be2 {[%clk 01:32:58]} {[%emt
00:00:11]} Nge7 {[%clk 01:32:40]} {[%emt 00:00:06]} 7. O-O {[%clk 01:33:19]}
{[%emt 00:00:10]} cxd4 {[%clk 01:33:05]} {[%emt 00:00:04]} 8. cxd4 {[%clk
01:33:43]} {[%emt 00:00:06]} Nf5 {[%clk 01:33:29]} {[%emt 00:00:06]} 9. Nc3
{[%clk 01:33:21]} {[%emt 00:00:53]} Rc8 {[%clk 01:33:54]} {[%emt 00:00:05]} 10.
Bg5 {[%clk 01:31:41]} {[%emt 00:02:09]} Qb6 {[%clk 01:34:17]} {[%emt 00:00:07]}
11. Na4 {[%clk 01:29:11]} {[%emt 00:03:01]} Qa5 {[%clk 01:34:44]} {[%emt
00:00:02]} 12. Rc1 {[%clk 01:17:41]} {[%emt 00:12:00]} Be7 {[%clk 01:22:42]}
{[%emt 00:12:31]} 13. Bxe7 {[%clk 01:02:39]} {[%emt 00:15:33]} Ncxe7 {[%clk
01:18:25]} {[%emt 00:04:47]} 14. Nc5 {[%clk 00:55:13]} {[%emt 00:07:56]} Rc7
{[%clk 01:05:36]} {[%emt 00:13:18]} 15. a3 {[%clk 00:41:32]} {[%emt 00:14:13]}
Bb5 {[%clk 00:59:45]} {[%emt 00:06:21]} 16. b4 {[%clk 00:35:57]} {[%emt
00:06:07]} Qb6 {[%clk 00:56:56]} {[%emt 00:03:18]} 17. Bxb5+ {[%clk 00:29:18]}
{[%emt 00:07:09]} Qxb5 {[%clk 00:57:02]} {[%emt 00:00:24]} 18. Qd2 {[%clk
00:27:08]} {[%emt 00:02:38]} Nc6 {[%clk 00:52:54]} {[%emt 00:04:39]} 19. Rb1
{[%clk 00:25:11]} {[%emt 00:02:28]} O-O {[%clk 00:50:48]} {[%emt 00:02:36]} 20.
a4 {[%clk 00:22:44]} {[%emt 00:02:57]} Qb6 {[%clk 00:50:27]} {[%emt 00:00:49]}
21. Rfc1 {[%clk 00:21:38]} {[%emt 00:01:37]} h6 {[%clk 00:42:54]} {[%emt
00:08:03]} 22. h3 {[%clk 00:16:16]} {[%emt 00:05:52]} Rb8 {[%clk 00:40:27]}
{[%emt 00:02:58]} 23. Qc3 {[%clk 00:10:23]} {[%emt 00:06:23]} Rbc8 {[%clk
00:36:26]} {[%emt 00:04:31]} 24. Qb2 {[%clk 00:07:46]} {[%emt 00:03:07]} a5
{[%clk 00:33:32]} {[%emt 00:03:22]} 25. g4 {[%clk 00:06:04]} {[%emt 00:02:14]}
Nfe7 {[%clk 00:29:02]} {[%emt 00:04:59]} 26. bxa5 {[%clk 00:06:24]} {[%emt
00:00:10]} Qxb2 {[%clk 00:29:06]} {[%emt 00:00:26]} 27. Rxb2 {[%clk 00:06:50]}
{[%emt 00:00:05]} Nxa5 {[%clk 00:29:01]} {[%emt 00:00:35]} 28. Rcb1 {[%clk
00:06:50]} {[%emt 00:00:30]} Ra8 {[%clk 00:24:51]} {[%emt 00:04:39]} 29. Nxb7
{[%clk 00:05:07]} {[%emt 00:02:13]} Nc4 {[%clk 00:23:52]} {[%emt 00:01:29]} 30.
Rb3 {[%clk 00:05:27]} {[%emt 00:00:10]} Rxa4 {[%clk 00:23:56]} {[%emt
00:00:27]} 31. Nc5 {[%clk 00:03:09]} {[%emt 00:02:46]} Ra8 {[%clk 00:20:49]}
{[%emt 00:03:36]} 32. Rb7 {[%clk 00:02:33]} {[%emt 00:01:09]} Rxb7 {[%clk
00:20:05]} {[%emt 00:01:14]} 33. Rxb7 {[%clk 00:02:58]} {[%emt 00:00:05]} Ng6
{[%clk 00:20:34]} {[%emt 00:00:01]} 34. Kg2 {[%clk 00:02:18]} {[%emt 00:01:10]}
Nf4+ {[%clk 00:13:54]} {[%emt 00:07:10]} 35. Kg3 {[%clk 00:02:43]} {[%emt
00:00:05]} Ne2+ {[%clk 00:09:43]} {[%emt 00:04:40]} 36. Kg2 {[%clk 00:03:09]}
{[%emt 00:00:03]} h5 {[%clk 00:04:58]} {[%emt 00:05:16]} 37. Nd7 {[%clk
00:01:33]} {[%emt 00:02:07]} hxg4 {[%clk 00:03:29]} {[%emt 00:01:59]} 38. hxg4
{[%clk 00:02:00]} {[%emt 00:00:03]} Nf4+ {[%clk 00:02:49]} {[%emt 00:01:10]} 39.
Kg3 {[%clk 00:02:21]} {[%emt 00:00:09]} Ne2+ {[%clk 00:03:08]} {[%emt
00:00:11]} 40. Kg2 {[%clk 00:02:49]} {[%emt 00:00:01]} Na5 {[%clk 00:01:40]}
{[%emt 00:01:58]} 41. Rb2 {[%clk 00:01:03]} {[%emt 00:02:16]} Nc3 {[%clk
00:02:09]} {[%emt 00:00:02]} 42. Rb8+ {[%clk 00:00:37]} {[%emt 00:00:56]} Rxb8
{[%clk 00:02:33]} {[%emt 00:00:06]} 43. Nxb8 {[%clk 00:01:06]} Kf8 {[%clk
00:00:43]} {[%emt 00:02:20]} 44. Nd7+ {[%clk 00:01:23]} {[%emt 00:00:12]} Ke7
{[%clk 00:01:07]} {[%emt 00:00:07]} 45. Nc5 {[%clk 00:01:50]} {[%emt 00:00:02]}
Nc6 {[%clk 00:00:57]} {[%emt 00:00:41]} 46. Kf1 {[%clk 00:01:39]} {[%emt
00:00:40]} f6 {[%clk 00:01:10]} {[%emt 00:00:17]} 47. exf6+ {[%clk 00:01:42]}
{[%emt 00:00:27]} gxf6 {[%clk 00:01:39]} {[%emt 00:00:01]} 48. Ke1 {[%clk
00:00:48]} {[%emt 00:01:24]} Kd6 {[%clk 00:01:32]} {[%emt 00:00:37]} 49. Nb7+
{[%clk 00:00:58]} {[%emt 00:00:21]} Kd7 {[%clk 00:01:51]} {[%emt 00:00:10]} 50.
Nc5+ {[%clk 00:01:20]} {[%emt 00:00:09]} Ke7 {[%clk 00:01:53]} {[%emt
00:00:27]} 51. Kd2 {[%clk 00:01:01]} {[%emt 00:00:49]} Ne4+ {[%clk 00:02:23]}
{[%emt 00:00:01]} 52. Nxe4 {[%clk 00:01:00]} {[%emt 00:00:31]} dxe4 {[%clk
00:02:52]} 53. Ne1 {[%clk 00:01:12]} {[%emt 00:00:17]} Kd6 {[%clk 00:00:52]}
{[%emt 00:02:30]} 54. Ke3 {[%clk 00:01:37]} {[%emt 00:00:06]} Kd5 {[%clk
00:01:09]} {[%emt 00:00:13]} 55. f3 {[%clk 00:01:55]} {[%emt 00:00:11]} exf3
{[%clk 00:01:30]} {[%emt 00:00:09]} 56. Nxf3 {[%clk 00:02:24]} {[%emt
00:00:01]} Nb4 {[%clk 00:01:47]} {[%emt 00:00:13]} 57. g5 {[%clk 00:01:48]}
{[%emt 00:01:07]} fxg5 {[%clk 00:02:05]} {[%emt 00:00:11]} 58. Nxg5 {[%clk
00:02:14]} {[%emt 00:00:05]} Nc2+ {[%clk 00:02:20]} {[%emt 00:00:14]} 59. Kd3
{[%clk 00:02:35]} {[%emt 00:00:08]} Nxd4 {[%clk 00:02:40]} {[%emt 00:00:11]} 60.
Nxe6 {[%clk 00:02:59]} {[%emt 00:00:06]} Nxe6 {[%clk 00:02:24]} {[%emt
00:00:46]} 61. Ke4+ {[%emt 00:00:08]} Ke5+ {[%emt 00:00:19]} 1/2-1/2